Guangxi sheng lin shi can yi hui [di yi jie] di er ci da hui ji lu / (Record no. 91649)

MARC details
000 -LEADER
fixed length control field 01522cam a22003134 4500
001 - CONTROL NUMBER
control field unk85037891
003 - CONTROL NUMBER IDENTIFIER
control field DLC
005 - DATE AND TIME OF LATEST TRANSACTION
control field 20260227112803.0
008 - FIXED-LENGTH DATA ELEMENTS--GENERAL INFORMATION
fixed length control field 851011s1940 cc 100 0 chi
010 ## - LIBRARY OF CONGRESS CONTROL NUMBER
LC control number unk85037891
040 ## - CATALOGING SOURCE
Original cataloging agency DLC
Transcribing agency CarP
Modifying agency DLC
043 ## - GEOGRAPHIC AREA CODE
Geographic area code a-cc-kc
050 00 - LIBRARY OF CONGRESS CALL NUMBER
Classification number KNQ8202.3
Item number 1939
066 ## - CHARACTER SETS PRESENT
Alternate G0 or G1 character set $1
110 1# - MAIN ENTRY--CORPORATE NAME
Linkage 880-01
Corporate name or jurisdiction name as entry element Guangxi Sheng (China).
Subordinate unit Lin shi can yi hui
Number of part/section/meeting (1st, 2nd session :
Date of meeting or treaty signing 1939 December 1-18 ;
Location of meeting Kuangxi Sheng zheng fu da li tang)
245 10 - TITLE STATEMENT
Linkage 880-02
Title Guangxi sheng lin shi can yi hui [di yi jie] di er ci da hui ji lu /
Statement of responsibility, etc. Guangxi Sheng lin shi can yi hui mi shu chu bian.
246 30 - VARYING FORM OF TITLE
Title proper/short title Guangxi sheng lin shi can yi hui di 2 ci da hui ji lu
260 ## - PUBLICATION, DISTRIBUTION, ETC.
Linkage 880-03
Place of publication, distribution, etc. [Guilin] :
Name of publisher, distributor, etc. Guangxi Sheng lin shi can yi hui mi shu chu,
Date of publication, distribution, etc. Minguo 29 [1940]
300 ## - PHYSICAL DESCRIPTION
Extent 370 p. ;
Other physical details 21 cm.
500 ## - GENERAL NOTE
General note Romanized.
500 ## - GENERAL NOTE
General note ctl: lan-chi
650 #0 - SUBJECT ADDED ENTRY--TOPICAL TERM
Topical term or geographic name entry element Law
Geographic subdivision China
-- Guangxi Zhuangzu Zizhiqu
Form subdivision Congresses.
650 #0 - SUBJECT ADDED ENTRY--TOPICAL TERM
Topical term or geographic name entry element Legislation
Geographic subdivision China
-- Guangxi Zhuangzu Zizhiqu
Form subdivision Congresses.
710 1# - ADDED ENTRY--CORPORATE NAME
Linkage 880-04
Corporate name or jurisdiction name as entry element Guangxi Sheng (China).
Subordinate unit Lin shi can yi hui.
-- Mi shu chu.
880 1# - ALTERNATE GRAPHIC REPRESENTATION
Linkage 110-01/$1
a Guangxi Sheng (China).
b 臨時參議會
n (1st, 2nd session :
d 1939 December 1-18 ;
c Kuangxi Sheng zheng fu da li tang)
880 10 - ALTERNATE GRAPHIC REPRESENTATION
Linkage 245-02/$1
a 廣西省臨時參議會[第一屆]第二次大會紀錄 /
c 廣西省臨時參議會祕書處編.
880 ## - ALTERNATE GRAPHIC REPRESENTATION
Linkage 260-03/$1
a [桂林] :
b 廣西省臨時參議會祕書處,
c 民國29 [1940]
880 1# - ALTERNATE GRAPHIC REPRESENTATION
Linkage 710-04/$1
a 廣西省 (China).
b 臨時參議會.
-- 祕書處.

No items available.

Powered by Koha